| 000 | 01072nam a22002297a 4500 | ||
|---|---|---|---|
| 005 | 20100515153452.0 | ||
| 008 | 100515t xxu||||| |||| 00| 0 eng d | ||
| 010 | _aENG-96093 | ||
| 020 |
_a9788180386176 _c1495.00 |
||
| 035 | _aEN-79578 | ||
| 037 | _bDBAD/PUB | ||
| 040 |
_aDPL _bEng |
||
| 082 | _a340.95482 | ||
| 245 |
_aMLJ consolidated Madras law journal digest : _cedited by S. S. Subramani _bcivil & criminal (2008-2009) with cross citations to other journals / |
||
| 260 |
_aGurgaon _bLexisnexis Butterworths _c2010 |
||
| 270 |
_a14th Floor, Building No. 10, Tower-B, DLF Cyber city, Phase-II _bGurgaon _e122002 |
||
| 300 |
_aV.4(cxliii, 1392)p. _c24cm (Hb) |
||
| 505 | _aV.4 [A-End] abatement of proceedings-words & phrases covering MLJ (civil) 2008 (5) to 2009 & MLJ (criminal) 2008 (2) to 2009 | ||
| 700 |
_aSubramani, S. S. _920565 |
||
| 942 |
_2ddc _cEN _mMLJ _h340.95482 |
||
| 999 |
_c36111 _d36111 |
||